| 000 | 00425cam a2200181ua 4500 | ||
|---|---|---|---|
| 020 | _c1.5 | ||
| 041 |
_amal _h |
||
| 082 |
_a894.812301 _bVIV/NI |
||
| 100 | _aVivekanandan, G . | ||
| 245 |
_aNissabdatharangangal / _cG Vivekanandan. _hTextual Documents |
||
| 250 |
_a1 / _b. |
||
| 260 |
_a : _bG Vivekanandan , _c1960. |
||
| 300 | _a129 ; . | ||
| 365 | _a1.5 | ||
| 504 | _a | ||
| 942 | _cBK | ||
| 999 |
_c11595 _d11595 |
||